[Event "27th Kavala Open 2018"]
[Site "Kavala"]
[Date "2018.08.07"]
[Round "4"]
[White "Papadopoulos, Panayotis"]
[Black "Kourkoulos-Arditis, Stamatis"]
[Result "0-1"]
[WhiteElo "2191"]
[BlackElo "2433"]
[Annotator "NA"]
[PlyCount "92"]
[EventDate "2018.08.06"]
[EventType "swiss"]
[EventCountry "GRE"]
[SourceTitle "playchess.com"]
[Source "ChessBase"]
[SourceQuality "1"]
[TimeControl "40/5400+30:900+30"]

1. c4 {[%emt 0:06:36]} Nf6 {[%emt 0:00:46]} 2. g3 {[%emt 0:00:04]} e5 {[%emt 0:00:23]} 3. Bg2 {[%emt 0:00:07]} d5 {[%emt 0:00:04]} 4. cxd5 {[%emt 0:00:04]} Nxd5 {[%emt 0:00:03]} 5. Nc3 {[%emt 0:00:07]} Nb6 {[%emt 0:00:03]} 6. a4 {[%emt 0:01:35]} a5 {[%emt 0:06:41]} 7. Nf3 {[%emt 0:01:22]} Nc6 {[%emt 0:00:04]} 8. O-O {[%emt 0:00:51]} Be7 {[%emt 0:02:09]} 9. d4 {[%emt 0:03:10]} exd4 {[%emt 0:04:08]} 10. Nb5 {[%emt 0:00:11]} Bf6 {[%emt 0:00:05]} 11. Bf4 {[%emt 0:01:45]} Nd5 {[%emt 0:20:41]} 12. Nfxd4 {[%emt 0:00:06]} Nxf4 {[%emt 0:03:41]} 13. Nxc6 {[%emt 0:06:29]} Qxd1 {[%emt 0:00:08]} 14. Rfxd1 {[%emt 0:08:22]} Ne6 {[%emt 0:00:20]} 15. Ncd4 {[%emt 0:04:20]} Bxd4 {[%emt 0:00:22]} 16. Nxd4 {[%emt 0:02:44]} Nxd4 {[%emt 0:00:10]} 17. Rxd4 {[%emt 0:00:04]} Ke7 {[%emt 0:00:05]} 18. Re4+ {[%emt 0:08:46]} Be6 {[%emt 0:00:25]} 19. b4 {[%emt 0:03:40]} Rhd8 {[%emt 0:08:48]} 20. bxa5 {[%emt 0:21:42]} Rxa5 {[%emt 0:00:25]} 21. Rb4 {[%emt 0:01:32]} b6 {[%emt 0:00:07]} 22. Rc1 {[%emt 0:00:12]} Rc5 {[%emt 0:00:41]} 23. Rcb1 {[%emt 0:04:01]} Rd2 {[%emt 0:01:26]} 24. Bf3 {[%emt 0:02:25]} Ra2 {[%emt 0:04:38]} 25. h4 {[%emt 0:05:39]} Rc4 {[%emt 0:03:56]} 26. Rxc4 {[%emt 0:03:46]} Bxc4 {[%emt 0:00:04]} 27. Rb4 {[%emt 0:00:05]} Be6 {[%emt 0:00:04]} 28. Bg4 {[%emt 0:09:08]} f5 {[%emt 0:01:10]} 29. Bf3 {[%emt 0:00:23]} Bd7 {[%emt 0:00:30]} 30. e4 {[%emt 0:01:18]} Rxa4 {[%emt 0:01:03]} 31. Rxa4 {[%emt 0:00:08]} Bxa4 {[%emt 0:00:04]} 32. exf5 {[%emt 0:00:05]} Bc2 {[%emt 0:00:06]} 33. g4 {[%emt 0:01:12]} Bd3 {[%emt 0:00:04]} 34. Bg2 {[%emt 0:02:53]} Kf6 {[%emt 0:03:54]} 35. f3 {[%emt 0:01:59]} Ke5 {[%emt 0:00:15]} 36. Bf1 {[%emt 0:00:16]} Bxf1 {[%emt 0:00:11]} 37. Kxf1 {[%emt 0:00:04]} h5 {[%emt 0:00:02]} 38. Ke2 {[%emt 0:00:14]} Kf4 {[%emt 0:00:06]} 39. f6 {[%emt 0:00:18]} gxf6 {[%emt 0:00:04]} 40. gxh5 {[%emt 0:00:00]} Kf5 {[%emt 0:00:00]} 41. Kd3 {[%emt 0:06:16]} b5 {[%emt 0:00:09]} 42. Kd4 {[%emt 0:00:28]} b4 {[%emt 0:00:11]} 43. Kc4 {[%emt 0:02:44]} c5 {[%emt 0:00:12]} 44. f4 {[%emt 0:00:10]} Ke6 {[%emt 0:00:04]} 45. h6 {[%emt 0:00:35]} Kf7 {[%emt 0:00:02]} 46. f5 {[%emt 0:00:22]} Kg8 {[%emt 0:00:03]} 0-1

[Event "27th Kavala Open 2018"]
[Site "Kavala"]
[Date "2018.08.07"]
[Round "4"]
[White "Dorfanis, Ilarion"]
[Black "Danielian, Elina"]
[Result "0-1"]
[WhiteElo "2183"]
[BlackElo "2419"]
[Annotator "NA"]
[PlyCount "98"]
[EventDate "2018.08.06"]
[EventType "swiss"]
[EventCountry "GRE"]
[SourceTitle "playchess.com"]
[Source "ChessBase"]
[SourceQuality "1"]
[TimeControl "40/5400+30:900+30"]

1. Nf3 {[%emt 0:02:11]} e6 {[%emt 0:00:11]} 2. c4 {[%emt 0:00:39]} Nf6 {[%emt 0:00:40]} 3. Nc3 {[%emt 0:00:50]} c5 {[%emt 0:00:24]} 4. g3 {[%emt 0:02:01]} b6 {[%emt 0:00:58]} 5. Bg2 {[%emt 0:00:06]} Bb7 {[%emt 0:00:05]} 6. O-O {[%emt 0:00:14]} Be7 {[%emt 0:00:15]} 7. d4 {[%emt 0:03:18]} cxd4 {[%emt 0:00:07]} 8. Qxd4 {[%emt 0:00:07]} Nc6 {[%emt 0:01:34]} 9. Qd1 {[%emt 0:08:49]} O-O {[%emt 0:00:34]} 10. Bf4 {[%emt 0:07:12]} d6 {[%emt 0:07:47]} 11. Rc1 {[%emt 0:03:26]} Rc8 {[%emt 0:00:49]} 12. Nb5 {[%emt 0:18:45]} d5 {[%emt 0:10:08]} 13. Nfd4 {[%emt 0:22:41]} Nxd4 {[%emt 0:03:08]} 14. Nxd4 {[%emt 0:01:07]} Qd7 {[%emt 0:03:10]} 15. cxd5 {[%emt 0:07:26]} Rxc1 {[%emt 0:05:10]} 16. Bxc1 {[%emt 0:00:59]} Bxd5 {[%emt 0:00:41]} 17. Bxd5 {[%emt 0:02:48]} Qxd5 {[%emt 0:00:16]} 18. Qa4 {[%emt 0:01:32]} Bc5 {[%emt 0:09:10]} 19. Nb3 {[%emt 0:01:00]} b5 {[%emt 0:02:18]} 20. Qf4 {[%emt 0:00:30]} Bb6 {[%emt 0:14:22]} 21. Bd2 {[%emt 0:02:39]} Rd8 {[%emt 0:16:14]} 22. Qf3 {[%emt 0:02:39]} Ne4 {[%emt 0:01:42]} 23. Be3 {[%emt 0:01:09]} h5 {[%emt 0:05:49]} 24. Bxb6 {[%emt 0:01:25]} axb6 {[%emt 0:00:03]} 25. h4 {[%emt 0:01:40]} b4 {[%emt 0:02:47]} 26. Rc1 {[%emt 0:03:26]} Ra8 {[%emt 0:01:25]} 27. Ra1 {[%emt 0:02:15]} g6 {[%emt 0:01:57]} 28. Kg2 {[%emt 0:00:30]} Kg7 {[%emt 0:01:29]} 29. e3 {[%emt 0:02:30]} Ra7 {[%emt 0:03:41]} 30. Rd1 {[%emt 0:00:21]} Qe5 {[%emt 0:01:46]} 31. Rd4 {[%emt 0:00:08]} Nf6 {[%emt 0:00:22]} 32. Nc1 {[%emt 0:00:32]} Qc7 {[%emt 0:01:02]} 33. Nd3 {[%emt 0:00:49]} e5 {[%emt 0:00:35]} 34. Rxb4 {[%emt 0:00:40]} Qd6 {[%emt 0:00:36]} 35. e4 {[%emt 0:00:26]} Rxa2 {[%emt 0:00:30]} 36. Rb5 {[%emt 0:00:34]} Ng4 {[%emt 0:04:42]} 37. Rd5 {[%emt 0:00:27]} Qc7 {[%emt 0:00:04]} 38. Qe2 {[%emt 0:00:33]} Qc4 {[%emt 0:01:55]} 39. f3 {[%emt 0:00:32]} Nf6 {[%emt 0:00:05]} 40. Rxe5 {[%emt 0:00:00]} Ra1 {[%emt 0:00:00]} 41. Rg5 {[%emt 0:08:19]} Nd7 {[%emt 0:10:52]} 42. Qd2 {[%emt 0:04:46]} Nc5 {[%emt 0:04:47]} 43. Ne1 {[%emt 0:03:53]} Nb3 {[%emt 0:01:38]} 44. Qe3 {[%emt 0:00:32]} Rb1 {[%emt 0:00:30]} 45. Rd5 {[%emt 0:00:31]} Rxb2+ {[%emt 0:00:09]} 46. Kg1 {[%emt 0:00:26]} Re2 {[%emt 0:00:11]} 47. Qd3 {[%emt 0:00:34]} Rxe1+ {[%emt 0:00:15]} 48. Kf2 {[%emt 0:00:05]} Qxd3 {[%emt 0:00:38]} 49. Rxd3 {[%emt 0:00:02]} Rb1 {[%emt 0:00:23]} 0-1

[Event "27th Kavala Open 2018"]
[Site "Kavala"]
[Date "2018.08.07"]
[Round "4"]
[White "Loutragotis, Dimitrios"]
[Black "Prince, Bajaj"]
[Result "1/2-1/2"]
[WhiteElo "2169"]
[BlackElo "2411"]
[Annotator "NA"]
[PlyCount "24"]
[EventDate "2018.08.06"]
[EventType "swiss"]
[EventCountry "GRE"]
[SourceTitle "playchess.com"]
[Source "ChessBase"]
[SourceQuality "1"]
[TimeControl "40/5400+30:900+30"]

1. e4 {[%emt 0:00:03]} c5 {[%emt 0:00:28]} 2. Nf3 {[%emt 0:00:10]} e6 {[%emt 0:00:03]} 3. d4 {[%emt 0:00:07]} cxd4 {[%emt 0:00:04]} 4. Nxd4 {[%emt 0:00:05]} Nc6 {[%emt 0:00:02]} 5. Nc3 {[%emt 0:00:13]} Qc7 {[%emt 0:00:03]} 6. Be2 {[%emt 0:00:07]} Nf6 {[%emt 0:00:03]} 7. O-O {[%emt 0:00:43]} a6 {[%emt 0:00:04]} 8. Be3 {[%emt 0:00:10]} Bb4 {[%emt 0:00:03]} 9. Nxc6 {[%emt 0:00:47]} bxc6 {[%emt 0:00:47]} 10. f4 {[%emt 0:00:31]} d5 {[%emt 0:14:57]} 11. e5 {[%emt 0:06:01]} Nd7 {[%emt 0:03:10]} 12. Na4 {[%emt 0:04:03]} Be7 {[%emt 0:33:03]} 1/2-1/2

[Event "27th Kavala Open 2018"]
[Site "Kavala"]
[Date "2018.08.07"]
[Round "4"]
[White "Beliotis, Georgios"]
[Black "Kanakaris, Georgios"]
[Result "1/2-1/2"]
[WhiteElo "2117"]
[BlackElo "2398"]
[Annotator "NA"]
[PlyCount "34"]
[EventDate "2018.08.06"]
[EventType "swiss"]
[EventCountry "GRE"]
[SourceTitle "playchess.com"]
[Source "ChessBase"]
[SourceQuality "1"]
[TimeControl "40/5400+30:900+30"]

1. e4 {[%emt 0:00:03]} c5 {[%emt 0:00:06]} 2. Nf3 {[%emt 0:00:05]} d6 {[%emt 0:00:05]} 3. Bb5+ {[%emt 0:00:06]} Bd7 {[%emt 0:00:07]} 4. Bxd7+ {[%emt 0:00:06]} Qxd7 {[%emt 0:00:05]} 5. c4 {[%emt 0:00:10]} Nf6 {[%emt 0:01:07]} 6. Nc3 {[%emt 0:00:08]} g6 {[%emt 0:00:24]} 7. d4 {[%emt 0:00:10]} cxd4 {[%emt 0:00:41]} 8. Nxd4 {[%emt 0:00:07]} Bg7 {[%emt 0:00:07]} 9. b3 {[%emt 0:00:57]} Nc6 {[%emt 0:06:07]} 10. Bb2 {[%emt 0:00:08]} O-O {[%emt 0:03:57]} 11. O-O {[%emt 0:00:09]} e6 {[%emt 0:01:46]} 12. Re1 {[%emt 0:03:18]} Rfd8 {[%emt 0:08:42]} 13. Nxc6 {[%emt 0:16:48]} Qxc6 {[%emt 0:00:31]} 14. Qe2 {[%emt 0:06:08]} a6 {[%emt 0:03:59]} 15. Rac1 {[%emt 0:05:48]} Qe8 {[%emt 0:03:39]} 16. Red1 {[%emt 0:04:00]} Rab8 {[%emt 0:17:54]} 17. Qf3 {[%emt 0:06:22]} Nd7 {[%emt 0:05:54]} 1/2-1/2

[Event "27th Kavala Open 2018"]
[Site "Kavala"]
[Date "2018.08.08"]
[Round "5"]
[White "Nevednichy, Vladislav"]
[Black "Markelova, Lubov"]
[Result "1-0"]
[WhiteElo "2550"]
[BlackElo "2143"]
[Annotator "TA"]
[PlyCount "63"]
[EventDate "2018.08.06"]
[EventType "swiss"]
[EventCountry "GRE"]
[SourceTitle "playchess.com"]
[Source "ChessBase"]
[SourceQuality "1"]

{[%evp 14,63,0,0,82,45,50,-67,-66,-72,-68,-67,-24,-31,-12,-10,0,0,0,0,0,0,0,-14,-13,-29,-47,-101,-109,-101,-110,-149,-146,-151,-168,-241,-241,-223,0,-213,-213,-224,-105,-107,-72,-152,-88,-153,127,136,12831,5293]} 1. e4 e6 2. d4 d5 3. Nc3 Nf6 4. e5 Nfd7 5. f4 c5 6. Nf3 Nc6 7. Be3 Qb6 8. a3 {LiveBook: 69 Games} c4 {C11: French: Classical System: 4 e5 and 4 Bg5 dxe4} (8... cxd4 $11 {keeps the balance.} 9. Nxd4 Nxd4 10. Bxd4 Bc5) (8... cxd4 9. Nxd4 Bc5 10. Na4 Qa5+ 11. c3 Bxd4 12. Bxd4 Nxd4 13. Qxd4 b6 14. Be2 Ba6 15. Bd1 Qb5 16. b4 Rc8 17. Nb2 Qc6 18. Rc1 O-O 19. a4 Bc4 20. Bg4 Bb3 21. O-O Bxa4 {0-1 (53) Kamsky,G (2695)-So,W (2640) Khanty-Mansiysk 2009}) 9. Rb1 Be7 10. f5 $146 ({White should try} 10. Be2 $14) ({Predecessor:} 10. Be2 Qa5 11. O-O Nf8 12. b4 Qd8 13. b5 Nb8 14. h4 Bxa3 15. Qe1 Be7 16. h5 {1-0 (35) Hauser,S (2351)-Maierhofer,J (2137) ICCF email 2012}) 10... Ndxe5 $15 {Black is slightly better.} 11. Nxe5 Nxe5 12. b3 Nc6 (12... exf5 $6 13. Na4 $11) (12... Bxa3 $6 13. bxc4 Bb4 14. Kf2 $14) 13. bxc4 Qa5 14. Qd2 O-O 15. cxd5 $1 exd5 16. Bd3 Bh4+ ({But not} 16... Bxa3 $6 17. Nb5 $16) 17. g3 Bf6 $36 {[%mdl 2048] Black is more active.} 18. O-O {Rb5 is the strong threat.} a6 19. g4 Re8 {White must now prevent ...Rxe3!} 20. g5 (20. Kh1 $15) 20... Bxd4 $17 21. Bxd4 Nxd4 22. Kg2 Nc6 23. g6 {[#]} f6 $1 24. Rfe1 (24. Kh1 {keeps fighting.}) 24... Re5 $19 25. gxh7+ {[#]} Kxh7 $2 (25... Kh8 $1 $19 {aiming for ...d4.} 26. Kh1 d4) 26. Rxe5 $2 (26. Kh1 $1 $11 {and White has nothing to worry.}) 26... Nxe5 27. Rb4 Nxd3 ({Weaker is} 27... Qxa3 28. Nxd5 Bd7 29. Ne7 $15) (27... Bd7 $19 28. Ne2 Qxa3 29. Rxb7 Bc6) 28. Qxd3 $17 d4 29. Rxd4 ({Better is} 29. Nb5) 29... Qxf5 (29... Bxf5 $142 30. Rh4+ Kg6 31. Qg3+ (31. Qf3 $2 Be6 $19) 31... Kf7) 30. Rh4+ (30. Nd5 $142 Qxd3 31. cxd3) 30... Kg6 $2 (30... Kg8 $17 {keeps the pressure on. And now ...Qg5+ would win.} 31. Qd8+ Kf7 32. Qc7+ Bd7) 31. Ne4 $16 {[%mdl 1024] White has strong compensation.} Bd7 $2 {[%mdl 8192]} (31... Qe5 $16) 32. Qg3+ {Precision: White = 24%, Black = 39%.} 1-0

[Event "27th Kavala Open 2018"]
[Site "Kavala"]
[Date "2018.08.08"]
[Round "5"]
[White "Kelires, Andreas"]
[Black "Megalios, Konstantinos"]
[Result "1/2-1/2"]
[WhiteElo "2531"]
[BlackElo "2292"]
[Annotator "TA"]
[PlyCount "127"]
[EventDate "2018.08.06"]
[EventType "swiss"]
[EventCountry "GRE"]
[SourceTitle "playchess.com"]
[Source "ChessBase"]
[SourceQuality "1"]

{[%evp 36,127,108,104,107,95,95,87,135,127,121,123,117,123,127,129,116,108,158,131,197,104,175,138,126,77,92,25,25,25,57,59,65,43,52,37,40,30,36,36,39,37,46,36,36,25,25,19,25,15,15,18,18,15,37,29,41,41,38,25,32,0,41,0,41,30,43,44,85,85,92,92,92,70,75,70,79,80,75,75,97,27,27,27,27,27,27,27,27,27,27,27,27,0]} 1. Nf3 Nf6 2. c4 e6 3. g3 d5 4. d4 Be7 5. Bg2 O-O 6. O-O c6 7. Bf4 Nh5 8. Bc1 Nf6 9. Qc2 b6 10. Rd1 Bb7 11. b3 Nbd7 12. Nc3 Rc8 13. e4 c5 14. exd5 exd5 15. Bb2 Qc7 {E08: Closed Catalan: Main Line: 7 Qc2} 16. cxd5 Nxd5 17. Nxd5 Bxd5 18. dxc5 Bxf3 19. Bxf3 {LiveBook: 3 Games. Strongly threatening Qf5.} bxc5 $146 ({Predecessor:} 19... Nxc5 20. Bg4 Rcd8 21. Bf5 h6 22. b4 Ne6 23. Qb3 Rxd1+ 24. Rxd1 {1-0 (79) Markowski,T (2627)-Genov,P (2478) Dresden 2009}) 20. Qf5 Rcd8 21. Rac1 Nb6 22. h4 Rxd1+ 23. Rxd1 Rd8 24. Rxd8+ Bxd8 25. Qg4 {[%csl Gb2][%cal Rg4g7] [#]} g6 26. Qe4 {[%cal Re4e8]} Be7 27. Kg2 h5 (27... c4 $16 28. Qd4 f6) 28. Qe3 (28. a4 $18) 28... Kf8 (28... Qd6 $16) 29. Be5 Bd6 30. Bc3 {aiming for Qh6+.} Nd7 31. Qd2 (31. Qh6+ $16 Ke7 32. Qg5+ Kf8 33. Bd5 (33. Qh6+ Ke7 $16)) 31... Be5 $11 32. Ba5 Qd6 33. Qxd6+ Bxd6 $14 {[%mdl 4096] Endgame KBB-KBN} 34. Kf1 Be5 35. Ke2 Ke7 36. Be4 Bd4 37. Bd2 Nf6 38. Bd3 Ng4 39. f3 Ne5 40. Ba6 Nc6 41. Bc4 Be5 42. Kf2 Bd4+ 43. Kf1 Nb4 44. a4 Be5 45. Kg2 Bd4 46. Bf4 Nc6 47. Bd5 Nb4 48. Bc4 Nc6 49. Bd2 Nb4 50. Kh3 Nc2 51. Bf4 Ne3 52. Ba6 Nd5 {[#]} 53. Bb8 $1 Nb4 54. Bb7 a6 55. g4 Ke6 56. gxh5 gxh5 57. f4 f5 58. Bf3 (58. Bc8+ $16 Kf6 59. Kg2) 58... Kd7 $1 $11 {White has an edge.} 59. Bxh5 {Threatens to win with Bf3.} Nc6 60. Be5 $1 Nxe5 61. fxe5 Bxe5 62. Bf7 Ke7 63. Bc4 a5 64. h5 {Precision: White = 47%, Black = 65%.} 1/2-1/2

[Event "27th Kavala Open 2018"]
[Site "Kavala"]
[Date "2018.08.08"]
[Round "5"]
[White "Iljin, Artem"]
[Black "Naoum, Spyridon"]
[Result "1-0"]
[WhiteElo "2520"]
[BlackElo "2302"]
[Annotator "TA"]
[PlyCount "79"]
[EventDate "2018.08.06"]
[EventType "swiss"]
[EventCountry "GRE"]
[SourceTitle "playchess.com"]
[Source "ChessBase"]
[SourceQuality "1"]

{[%evp 17,79,9,18,16,22,20,29,26,37,-15,14,0,12,-13,-11,-28,22,16,34,25,32,26,163,154,145,146,189,172,164,183,177,156,335,314,417,412,411,399,398,392,479,475,454,416,491,490,491,491,476,474,461,448,446,439,443,424,445,445,537,547,566,573,701,601]} 1. Nf3 Nf6 2. e3 g6 3. b4 d6 4. Bb2 e5 5. c4 Bg7 6. d3 O-O 7. Be2 Re8 8. Nc3 Nbd7 9. O-O c6 {LiveBook: 4 Games} 10. Qb3 {A15: English Opening: 1...Nf6} a6 $146 ({Predecessor:} 10... Qe7 11. a3 h6 12. Rfd1 Nf8 13. d4 e4 14. Nd2 h5 15. d5 N8h7 16. Rac1 Bf5 17. c5 dxc5 {½-½ (76) Dmitriev,I (2298)-Sazonova,A (2042) Taganrog 2014}) 11. Rfd1 Nf8 12. Rac1 {White has an edge.} Bf5 13. Nd2 ({White should play} 13. a4 $14) 13... Be6 14. Bf3 Rc8 15. Qa3 h5 16. Na4 Bf5 17. Ne4 Rc7 18. c5 dxc5 19. bxc5 {And now Nd6 would win.} N8h7 (19... Bxe4 $1 $11 {and Black has nothing to worry.} 20. dxe4 Qe7) 20. Nd6 $18 Re6 21. Nb6 $36 {[%mdl 2048] White has strong initiative.} h4 22. e4 Bg4 {[#]} 23. Bxg4 $1 Nxg4 24. h3 Nxf2 $2 (24... Ngf6 $16 25. d4 exd4) 25. Kxf2 Bh6 26. Rc2 Qg5 27. d4 exd4 28. Bxd4 Qh5 29. Qf3 Qg5 30. Be3 Qg3+ 31. Qxg3 {White is clearly winning.} hxg3+ 32. Ke2 Bxe3 33. Kxe3 f5 34. Kf4 fxe4 35. Kxg3 Nf6 36. Rd4 e3 {[#] Hoping for ...e2.} 37. Re2 Nh5+ 38. Kf3 Rce7 {aiming for ...Rf6+.} 39. Re4 Ng7 40. R2xe3 {Precision: White = 69%, Black = 17%.} 1-0

[Event "27th Kavala Open 2018"]
[Site "Kavala"]
[Date "2018.08.08"]
[Round "5"]
[White "Dimitrov, Radoslav"]
[Black "Plat, Vojtech"]
[Result "1/2-1/2"]
[WhiteElo "2518"]
[BlackElo "2524"]
[Annotator "TA"]
[PlyCount "28"]
[EventDate "2018.08.06"]
[EventType "swiss"]
[EventCountry "GRE"]
[SourceTitle "playchess.com"]
[Source "ChessBase"]
[SourceQuality "1"]

{[%evp 27,28,0,39]} 1. e4 e5 2. Nf3 Nc6 3. Bb5 a6 4. Ba4 Nf6 5. O-O Be7 6. Re1 b5 7. Bb3 O-O 8. c3 d6 9. h3 Bb7 10. d4 Re8 11. Ng5 $146 ({Predecessor:} 11. a4 Bf8 12. Bg5 h6 13. Bxf6 Qxf6 14. Bd5 Rab8 15. Na3 exd4 16. axb5 axb5 17. cxd4 Nb4 18. Bxb7 Rxb7 19. d5 Na6 {1-0 (80) Sutovsky,E (2647)-Kovalev,V (2650) Poikovsky 2018}) 11... Rf8 12. Nf3 Re8 13. Ng5 Rf8 14. Nf3 Re8 {LiveBook: 6290 Games} 1/2-1/2

[Event "27th Kavala Open 2018"]
[Site "Kavala"]
[Date "2018.08.08"]
[Round "5"]
[White "Quparadze, Giga"]
[Black "Beliotis, Georgios"]
[Result "1-0"]
[WhiteElo "2517"]
[BlackElo "2117"]
[Annotator "TA"]
[PlyCount "55"]
[EventDate "2018.08.06"]
[EventType "swiss"]
[EventCountry "GRE"]
[SourceTitle "playchess.com"]
[Source "ChessBase"]
[SourceQuality "1"]

{[%evp 14,55,26,20,33,23,171,166,151,170,356,352,354,370,364,358,351,344,337,313,291,297,291,242,310,304,355,344,415,418,480,478,497,487,537,561,549,554,785,758,909,876,1014,1035]} 1. e4 e5 2. Nf3 Nc6 3. Bb5 {[%cal Bf1b5,Bb5a4,Ba4b3][%mdl 32]} a6 4. Ba4 Nf6 5. Qe2 d6 6. c3 g6 {C77: Ruy Lopez: 3...a6 4 Ba4 Nf6, unusual lines} 7. d4 b5 8. Bb3 {LiveBook: 3 Games. Strongly threatening Ng5.} Bg4 $146 {The position is equal.} ({Predecessor:} 8... Bg7 9. O-O O-O 10. Rd1 Qe7 11. a4 Bd7 12. d5 Na5 13. Bc2 c6 14. axb5 axb5 15. dxc6 Bxc6 {0-1 (43) Grover,S (2306)-Howell,D (2561) Gaziantep 2008}) 9. Bg5 {With the idea Bd5.} Na5 (9... Bg7 $11) 10. dxe5 $18 dxe5 {[#]} 11. Bxf7+ $1 {[%mdl 512]} Kxf7 $2 (11... Ke7) 12. Nxe5+ Kg7 13. Nxg4 Be7 {Black hopes to continue with ...Nxg4.} 14. Bh6+ Kg8 15. O-O Nc4 16. b3 Nxg4 17. Qxg4 {[%cal Rg4e6] [#]} Ne5 18. Qe6+ Nf7 19. Be3 Bf6 20. f4 Qd3 21. Bc5 ({Weaker is} 21. Qxf6 Qxe3+ 22. Kh1 Qxe4 $18) 21... Kg7 {intending ...Rhe8.} 22. e5 {[%cal Be4e5,Be5e6,Be6f7][%mdl 32] White is clearly winning.} Bh4 23. Qg4 Qd5 24. b4 Bd8 25. Rd1 Qe4 26. Qd7 Bh4 27. e6 Kh6 28. exf7 {Precision: White = 87%, Black = 36%.} 1-0

[Event "27th Kavala Open 2018"]
[Site "Kavala"]
[Date "2018.08.08"]
[Round "5"]
[White "Magalashvili, Davit"]
[Black "Neelotpal, Das"]
[Result "1/2-1/2"]
[WhiteElo "2508"]
[BlackElo "2429"]
[Annotator "TA"]
[PlyCount "59"]
[EventDate "2018.08.06"]
[EventType "swiss"]
[EventCountry "GRE"]
[SourceTitle "playchess.com"]
[Source "ChessBase"]
[SourceQuality "1"]

{[%evp 19,59,17,25,12,10,15,32,36,35,0,8,8,12,0,0,0,0,-44,-48,-125,-45,-80,-12,-21,-34,-122,-136,-122,-106,-112,0,0,0,0,0,0,0,0,0,0,0,0]} 1. Nf3 Nf6 2. g3 g6 3. b3 Bg7 4. Bb2 O-O 5. Bg2 d6 {[%cal Bd7d6,Bd6d5][%mdl 32]} 6. d4 c5 7. O-O cxd4 8. Nxd4 d5 9. Na3 Nc6 {A49: 1 d4 Nf6 2 Nf3 g6 3 g3: Anti-King's Indian systems} 10. c4 Nxd4 {LiveBook: 3 Games} 11. Bxd4 {Black must now prevent cxd5.} Qa5 12. Qc1 dxc4 $146 ({Predecessor:} 12... Be6 13. Qb2 Rac8 14. b4 Qd8 15. cxd5 Bxd5 16. e4 Be6 17. Rfd1 {½-½ (64) Adly,A (2626)-Assaubayeva,B (2359) Sharjah 2018}) 13. Nxc4 Qh5 14. Qf4 Rd8 15. Rad1 {Black should prevent Bxf6.} Bg4 16. Bxf6 Bxf6 17. Rxd8+ Rxd8 18. Bxb7 Bxe2 19. Qc7 (19. Rc1 $15) 19... Rd3 (19... Rd4 $17 20. Re1 Bxc4 21. bxc4 Rd2) 20. Re1 Bc3 ({Black should play} 20... Kg7 $17) 21. Rc1 (21. Nb2 $5 Bxe1 22. Nxd3 $11) 21... Bd4 {Hoping for ...Bxf2+!} 22. Qxe7 {[#]} (22. Qf4 $15) 22... Bxf2+ $1 $17 23. Kxf2 Qxh2+ 24. Ke1 Bg4 (24... Rxg3 $17 {Strongly threatening ...Rg1+.} 25. Qe8+ (25. Qxe2 Rg1+ 26. Kd2 Qxe2+ 27. Kxe2 Rxc1 $17) 25... Kg7 26. Qe5+ f6 27. Qe7+ Kh6 28. Qf8+ Kg5 29. Qc5+ f5) 25. Qe8+ $11 {The position is equal.} Kg7 {[%cal Rh2g1]} 26. Qe5+ Kg8 {[%cal Rh2g1] [#]} 27. Qe8+ Kg7 {[%cal Rh2g1]} 28. Qe5+ Kg8 {[%cal Rh2g1]} (28... f6 $5 29. Qe7+ $8 Kg8 30. Qe8+ Kg7 31. Qe7+ Kg8 32. Qe8+ Kg7 33. Qe7+ $11) 29. Qe8+ Kg7 {[%cal Rh2g1]} 30. Qe5+ {Precision: White = 45%, Black = 63%.} 1/2-1/2

[Event "27th Kavala Open 2018"]
[Site "Kavala"]
[Date "2018.08.08"]
[Round "5"]
[White "Petrov, Martin"]
[Black "Hasangatin, Ramil"]
[Result "1-0"]
[WhiteElo "2456"]
[BlackElo "2491"]
[Annotator "RC"]
[PlyCount "87"]
[EventDate "2018.08.06"]
[EventType "swiss"]
[EventCountry "GRE"]
[SourceTitle "playchess.com"]
[Source "ChessBase"]
[SourceQuality "1"]
[TimeControl "40/5400+30:900+30"]

1. e4 {[%emt 0:00:38]} c5 {[%emt 0:00:03]} 2. Nf3 {[%emt 0:00:10]} Nc6 {[%emt 0:00:03]} 3. d4 {[%emt 0:00:11]} cxd4 {[%emt 0:00:03]} 4. Nxd4 {[%emt 0:00:07]} e5 {[%emt 0:00:15]} 5. Nb5 {[%emt 0:00:09]} a6 {[%emt 0:00:03]} 6. Nd6+ {[%emt 0:00:10]} Bxd6 {[%emt 0:00:04]} 7. Qxd6 {[%emt 0:00:08]} Qe7 {[%emt 0:00:02]} 8. Qd1 {[%emt 0:00:23]} Nf6 {[%emt 0:00:10]} 9. Nc3 {[%emt 0:00:08]} d6 {[%emt 0:00:04]} 10. Bg5 {[%emt 0:00:09]} Be6 {[%emt 0:00:04]} 11. Nd5 {[%emt 0:00:22]} Bxd5 {[%emt 0:00:04]} 12. exd5 {[%emt 0:00:27]} Nb8 {[%emt 0:00:01]} 13. Bd3 {[%emt 0:01:52]} Nbd7 {[%emt 0:02:05]} 14. c4 {[%emt 0:01:50]} h6 {[%emt 0:08:41]} 15. Be3 {[%emt 0:00:10]} O-O {[%emt 0:01:21]} 16. O-O {[%emt 0:00:38]} e4 {[%emt 0:04:07]} 17. Be2 {[%emt 0:02:09]} Ne8 {[%emt 0:00:49]} 18. Bd4 {[%emt 0:08:08]} f5 {[%emt 0:00:46]} 19. f4 {[%emt 0:03:18]} exf3 {[%emt 0:00:08]} 20. Bxf3 {[%emt 0:01:44]} Ne5 {[%emt 0:02:12]} 21. Re1 {[%emt 0:01:50]} Qc7 {[%emt 0:20:16]} 22. Rc1 {[%emt 0:01:28]} Nf6 {[%emt 0:00:15]} 23. c5 {[%emt 0:11:24]} Nxf3+ {[%emt 0:07:03]} 24. Qxf3 {[%emt 0:00:54]} dxc5 {[%emt 0:01:27]} 25. Qxf5 {[%emt 0:17:02]} b6 {[%emt 0:11:45]} 26. Re6 {[%emt 0:03:01]} Qd8 {[%emt 0:01:49]} 27. Bxf6 {[%emt 0:00:53]} Rxf6 {[%emt 0:00:25]} 28. Qe5 {[%emt 0:02:57]} Rxe6 {[%emt 0:05:07]} 29. Qxe6+ {[%emt 0:00:43]} Kh8 {[%emt 0:00:26]} 30. Rf1 {[%emt 0:03:24]} Qh4 {[%emt 0:07:17]} 31. h3 {[%emt 0:11:07]} Qd4+ {[%emt 0:03:24]} 32. Kh1 {[%emt 0:00:48]} c4 {[%emt 0:11:44]} 33. d6 {[%emt 0:01:38]} Rd8 {[%emt 0:00:24]} 34. Qe7 {[%emt 0:00:30]} Rg8 {[%emt 0:07:18]} 35. d7 {[%emt 0:00:07]} Kh7 {[%emt 0:02:49]} 36. Re1 {[%emt 0:01:46]} Qd2 {[%emt 0:01:19]} 37. Qe4+ {[%emt 0:01:04]} Kh8 {[%emt 0:00:07]} 38. Qe8 {[%emt 0:00:08]} b5 {[%emt 0:04:20]} 39. h4 {[%emt 0:01:48]} b4 {[%emt 0:00:38]} 40. Qxg8+ {[%emt 0:00:00]} Kxg8 {[%emt 0:00:00]} 41. Re8+ {[%emt 0:00:31]} Kh7 {[%emt 0:04:21]} 42. d8=Q {[%emt 0:01:34]} Qc1+ {[%emt 0:00:04]} 43. Kh2 {[%emt 0:00:05]} Qf4+ {[%emt 0:00:16]} 44. Kh3 {[%emt 0:00:09]} 1-0